| 000 | 00440nam a2200169Ia 4500 | ||
|---|---|---|---|
| 003 | STCL | ||
| 008 | 181203s9999 xx 000 0 und d | ||
| 020 | _a9789339212124 | ||
| 040 |
_aSTCL _bEN _cSTCL |
||
| 082 | _222 | ||
| 100 | _aSilberschatz, Abraham; Korth, Henry F.; Sudarshan, S. | ||
| 245 | 0 | _aDatabase System Concepts | |
| 260 |
_bMcGraw Hill Education _aNew Delhi _c2013 |
||
| 300 | _a1349 | ||
| 546 | _aEnglish | ||
| 942 |
_2ddc _cBK |
||
| 999 |
_c83302 _d83302 |
||